000 00445nam a2200145Ia 4500
003 OSt
005 20260123094637.0
008 211028s2016 xx 000 0 und d
040 _cAIMIT LIBRARY
041 _aeng
100 _aPradeep, Archana N; Dias, Beena.
_g1416020
_97443
245 _aStudy on perceived customer loyalty towards rebranding with reference to Krishna Kannur /
260 _aMangalore
_bBeena Dias.
_c2016
942 _2ddc
_cPRO
999 _c219011
_d219011